5HLuxD.jpg

KING HENRY VIII SENIOR AND PRIMARY SCHOOL LIBRARY OPAC

WITCHLINGS (Record no. 6033)

000 -LEADER
fixed length control field 00759nam a22002057a 4500
005 - DATE AND TIME OF LATEST TRANSACTION
control field 20260127154922.0
008 - FIXED-LENGTH DATA ELEMENTS--GENERAL INFORMATION
fixed length control field 260127b ||||| |||| 00| 0 eng d
020 ## - INTERNATIONAL STANDARD BOOK NUMBER
International Standard Book Number 9781338853858
040 ## - CATALOGING SOURCE
Transcribing agency KH8
082 ## - DEWEY DECIMAL CLASSIFICATION NUMBER
Classification number 813.6
100 ## - MAIN ENTRY--PERSONAL NAME
Personal name A.ORTEGA,CLARIBEL
Relator term AUTHOR
245 ## - TITLE STATEMENT
Title WITCHLINGS
Remainder of title HOUSE OF ELEPHANTS
260 ## - PUBLICATION, DISTRIBUTION, ETC.
Place of publication, distribution, etc. 557 Broadway,New York,NY 10012
Name of publisher, distributor, etc. Scholastic Inc
Date of publication, distribution, etc. 2024
300 ## - PHYSICAL DESCRIPTION
Extent 423 pages
Other physical details illustration
Dimensions 13 cm x 19 cm
520 ## - SUMMARY, ETC.
Summary, etc. Seven and Thorn still have not found a way to cure the hex that turned their friends into stone, magic seems to be working backwards, every new witchling at the Black Moon Ceremony is a spare. -Library Thing-
650 ## - SUBJECT ADDED ENTRY--TOPICAL TERM
Topical term or geographic name entry element Juvenile Fiction
Form subdivision Magic
655 ## - INDEX TERM--GENRE/FORM
Genre/form data or focus term Mystery
655 ## - INDEX TERM--GENRE/FORM
Genre/form data or focus term Mystical
942 ## - ADDED ENTRY ELEMENTS (KOHA)
Source of classification or shelving scheme
Koha item type Books - Fiction
Holdings
Withdrawn status Lost status Source of classification or shelving scheme Damaged status Not for loan Collection code Permanent Location Current Location Shelving location Date acquired Total Checkouts Full call number Barcode Date due Date last seen Date last checked out Price effective from Koha item type Public note
          Fiction KH8 Primary School Library KH8 Primary School Library Fiction 2026-01-27 1 813.6 KHPL000008248 2026-04-24 2026-04-16 2026-04-16 2026-01-27 Books - Fiction PRIMARY LIBRARY
          Fiction KH8 Primary School Library KH8 Primary School Library Fiction 2026-01-27 2 813.6 KHPL000008249 2026-04-24 2026-04-16 2026-04-16 2026-01-27 Books - Fiction PRIMARY LIBRARY
          Fiction KH8 Primary School Library KH8 Primary School Library Fiction 2026-01-27   813.6 KHPL000008250   2026-01-27   2026-01-27 Books - Fiction PRIMARY LIBRARY

Powered By KH8 IT Dept